Σχεδιασμός πολυμορφικού επίπλου για παιδιά από 0 έως 12 ετών, για οικιακή χρήση : διπλωματική εργασία

Καθώς το παιδί μεγαλώνει, οι ανάγκες του αυξάνονται. Το γεγονός αυτό, φέρνει τους γονείς σε μία νέα διαδικασία όσον αφορά στην επίπλωση και διακόσμηση του νέου χώρου που θα φιλοξενήσει το μωρό. Τις περισσότερες φορές ο χώρος αυτός αναμένεται να είναι αρκετά περιορισμένος. Αυτό, έχει ως συνέπεια την...

Πλήρης περιγραφή

Αποθηκεύτηκε σε:
Λεπτομέρειες βιβλιογραφικής εγγραφής
Κύριος συγγραφέας: Βαγιάκου, Γιασεμή
Συγγραφή απο Οργανισμό/Αρχή: Πανεπιστήμιο Αιγαίου. Τμήμα Μηχανικών Σχεδίασης Προϊόντων και Συστημάτων
Άλλοι συγγραφείς: Φωτιάδης, Σέργιος (Εισηγητής διατριβής)
Μορφή: Thesis Βιβλίο
Γλώσσα:Greek
Δημοσίευση: 2012
Θέματα:
Διαθέσιμο Online:http://hdl.handle.net/11610/8991
Ετικέτες: Προσθήκη ετικέτας
Δεν υπάρχουν, Καταχωρήστε ετικέτα πρώτοι!

MARC

LEADER 00000cam a2200000 i 4500
001 1/19293
008 120508s2012 gre d
035 |l 10112379 
040 |a GR-MY-UA  |b gre  |e aacr 
041 0 |a gre 
082 0 |a 684.10083  |2 (22) 
100 1 |a Βαγιάκου, Γιασεμή. 
245 1 0 |a Σχεδιασμός πολυμορφικού επίπλου για παιδιά από 0 έως 12 ετών, για οικιακή χρήση :  |b διπλωματική εργασία /  |c Βαγιάκου Γιασεμή ; επιβλέπων καθηγητής: Φωτιάδης Σέργιος 
260 |c 2012 
300 |a 108 φύλλα;  |b εικ.;  |c 30 εκ. 
500 |a Διάθεση πλήρους κειμένου περιορισμένης πρόσβασης (μόνο από μέλη του Παν. Αιγαίου), με κλειδωμένη τη δυνατότητα αντιγραφής του κειμένου 
502 |a Πτυχιακή εργασία – Πανεπιστήμιο Αιγαίου, Σύρος, 2012. 
504 |a Βιβλιογραφία: σ. 107-108 
520 |a Καθώς το παιδί μεγαλώνει, οι ανάγκες του αυξάνονται. Το γεγονός αυτό, φέρνει τους γονείς σε μία νέα διαδικασία όσον αφορά στην επίπλωση και διακόσμηση του νέου χώρου που θα φιλοξενήσει το μωρό. Τις περισσότερες φορές ο χώρος αυτός αναμένεται να είναι αρκετά περιορισμένος. Αυτό, έχει ως συνέπεια την ανάδειξη της ανάγκης ανασχεδιασμού των βασικών παιδικών επίπλων. Στην παρούσα διπλωματική εργασία, σχεδιάστηκε ένα πολυμορφικό, παιδικό έπιπλο, το οποίο θα αναπροσαρμόζεται και θα διαμορφώνεται, σύμφωνα με την ηλικιακή εξέλιξη των παιδιών και τις ανάγκες που προκύπτουν κατά την ανάπτυξή τους. Το έπιπλο αυτό, θα αποτελέσει μια οικονομική και έξυπνη λύση στην σημερινή κρίση που επικρατεί διευκολύνοντας τόσο τους γονείς όσο και το παιδί μακροπρόθεσμα. 
650 0 0 |a Children's furniture  |x Design and construction. 
650 0 0 |a Furniture design. 
650 0 0 |a Dissertations, Academic  |z Greece. 
700 1 |a Φωτιάδης, Σέργιος.  |4 ths 
710 2 |a Πανεπιστήμιο Αιγαίου.   |b Τμήμα Μηχανικών Σχεδίασης Προϊόντων και Συστημάτων. 
852 |a INST  |b SYROS  |c DIATR  |e 20120508  |h 684.10083 ΒΑΓ  |p 005500010244  |q 005500010244  |t DIE  |y 23 
852 |a INST  |b SYROS  |c DIATR  |e 20120508  |h 684.10083 ΒΑΓ  |p 005500010245  |q 005500010245  |t DIE  |y 23 
856 |u http://hdl.handle.net/11610/8991 
901 |a BIBL5-2012-1 
909 |a Ε  |b 173833 
909 |a Ε  |b 173834 
924 |a ΒΑΓΙΑΚΟΥ  |b ΓΙΑΣΕΜΗ  |y ΣΥΡΟΣ  |z 2012-02 
970 |a ΚΟΝΤΟΥ  |b ΠΑΡΑΣΚΕΥΗ  |z 2012/05/08